| 000 | 00979cam a22002653a 4500 | ||
|---|---|---|---|
| 001 | 2556 | ||
| 003 | PGUSA | ||
| 005 | 20140828083016.0 | ||
| 008 | 060518s2006||||xxu|||||s|||||000 1 eng d | ||
| 040 |
_aPGUSA _beng |
||
| 042 | _adc | ||
| 050 | 4 | _aPS | |
| 100 | 1 |
_aHarte, Bret, _d1836-1902 |
|
| 245 | 1 | 0 |
_aMr. Jack Hamlin's Mediation _h[electronic resource] / _cBret Harte |
| 260 |
_bProject Gutenberg, _c2006 |
||
| 505 | 0 | _aMr. Jack Hamlin's mediation -- The man at the semaphore -- An Esmeralda of Rocky CaƱon -- Dick Spindler's family Christmas -- When the waters were up at "Jules" -- The boom in the "Calaveras Clarion" -- The secret of Sobriente's well -- Liberty Jones's discovery. | |
| 506 | _aPublic domain in the USA. | ||
| 516 | _aElectronic text | ||
| 653 | _aAmerican fiction -- 19th century | ||
| 653 | _aWestern stories | ||
| 653 | _aShort stories | ||
| 830 | 0 |
_aProject Gutenberg _v2556 |
|
| 856 | 4 | 0 | _uhttp://www.gutenberg.org/ebooks/2556 |
| 942 | _cEB | ||
| 999 |
_c231893 _d231893 |
||